| 000 | 00732nam a22002177a 4500 | ||
|---|---|---|---|
| 999 |
_c20187 _d20187 |
||
| 003 | AR-CdUCM | ||
| 008 | 190527b ||||| |||| 00| 0 spa d | ||
| 040 |
_aMUNICIPALIDAD PROVINCIAL DEL CUSCO _cBIBLIOTECA MUNICIPAL DEL CUSCO |
||
| 082 |
_a807 / _bT62 |
||
| 100 |
_aLos titanes del humorismo _942199 |
||
| 245 |
_aLos titanes del humorismo : _bHistotias para alegrar el espiritu / |
||
| 260 |
_aBuenos Aires: _bAnaconda, _c1959. |
||
| 300 |
_a254 páginas _c20 cm. |
||
| 505 | _aContenido: El parterre y el jardín -- Gargantua y los pasteleros -- La tía fingida... | ||
| 650 |
_aHumor _92515 |
||
| 650 |
_aCuentos _9312 |
||
| 650 |
_aPersas _916808 |
||
| 650 |
_aHindúes _942200 |
||
| 942 |
_2ddc _cLIBROS |
||
| 945 | _aJavier | ||